000 00724cam a2200229 4500
999 _c12054
_d12054
001 767638
003 OSt
005 20210206125347.0
008 700702s1968 ii c 001 0beng
010 _a 70901635
040 _aDLC
_coclc
_dDLC
050 0 0 _aDS481.G3
_bK694
082 _a954.035092
_bKRI/G
100 1 _aKripalani, Krishna,
_d1907-1993
_9123
245 1 0 _aGandhi : A Life /
_cKrishna Kripalani
260 _aNew Delhi:
_bSole distributors: Orient Longmans,
_c1968.
300 _a202 p
_bport.
_c23 cm.
350 _a20.00
600 1 0 _aGandhi,
_cMahatma,
_d1869-1948.
906 _a7
_bcbc
_corignew
_du
_encip
_f19
_gy-gencatlg
942 _2ddc
_cBK
_h954.035092
_iKRI/G
_k954.035092
_mKRI/G